[Event "Milan SSM op 09"]
[White "Mei, Gianluca"]
[Black "Casamassima, Paolo"]
[Site "Milan"]
[Round "7"]
[Result "1-0"]
[Date "2014.10.07"]
[WhiteElo "1842"]
[BlackElo "1687"]
[PlyCount "69"]
[EventDate "2014.09.16"]
[EventType "swiss"]
[EventRounds "8"]
[EventCountry "ITA"]
[SourceTitle "EXT 2016"]
[Source "ChessBase"]
[SourceDate "2015.10.08"]
[SourceVersion "1"]
[SourceVersionDate "2015.10.08"]
[SourceQuality "1"]

1. e4 Nf6 2. e5 Nd5 3. d4 d6 4. Nf3 Nc6 5. Bc4 dxe5 6. Nxe5 Nxe5 7. dxe5 e6 8. 0-0 c6 9. Bb3 b5 10. a4 b4 11. Nd2 Ba6 12. Bc4 Bxc4 13. Nxc4 Qh4 14. Qe2 a5 15. Bd2 Bc5 16. Rad1 0-0 17. g3 Qe7 18. h4 f6 19. exf6 Qxf6 20. Ne5 Nb6 21. Bg5 Qf5 22. g4 Bxf2+ 23. Rxf2 Qxf2+ 24. Qxf2 Rxf2 25. Kxf2 Rf8+ 26. Kg1 Nxa4 27. b3 Nc3 28. Rd8 Ne2+ 29. Kh2 Rxd8 30. Bxd8 Nd4 31. Bxa5 Nxc2 32. Nxc6 Ne3 33. Bxb4 Nxg4+ 34. Kg3 h5 35. Kf4 1-0

[Event "Milan Crespi op-B 29th"]
[White "Carbone, Lorenzo"]
[Black "Mei, Gianluca"]
[Site "Milan"]
[Round "1"]
[Result "0-1"]
[Date "2008.12.04"]
[WhiteElo "1817"]
[BlackElo "1917"]
[PlyCount "70"]
[EventDate "2008.12.05"]
[EventType "swiss"]
[EventRounds "7"]
[EventCountry "ITA"]
[SourceTitle "EXT 2010"]
[Source "ChessBase"]
[SourceDate "2010.11.25"]
[SourceVersion "1"]
[SourceVersionDate "2010.11.25"]
[SourceQuality "1"]

1. e4 e5 2. Nf3 Nc6 3. Bb5 Nf6 4. 0-0 d6 5. d4 Bd7 6. dxe5 dxe5 7. Re1 Be7 8. Bg5 a6 9. Ba4 b5 10. Bb3 0-0 11. Nc3 Rc8 12. a3 Bg4 13. h3 Bxf3 14. Qxf3 Nd4 15. Qg3 c5 16. Bh6 Ne8 17. Rad1 Rc6 18. Be3 Rg6 19. Bxd4 Rxg3 20. Bxe5 Qc8 21. Bxg3 c4 22. Ba2 Nc7 23. a4 b4 24. Ne2 Ne6 25. c3 b3 26. Bb1 Rd8 27. Nd4 Nc5 28. Nf5 Bf8 29. Bh4 f6 30. e5 Nd3 31. exf6 Qxf5 32. fxg7 Bc5 33. Bxd3 Rxd3 34. Re8+ Kxg7 35. Rde1 Rd2 0-1